000 00794cam a22002651 4500
001 sa 66004899
003 DLC
005 20260227112245.0
008 891120s1966 ii b 000 0 hino
010 _asa 66004899
035 _a(OCoLC)20678686
040 _aDLC
_cWaU
_dDLC
042 _apremarc
043 _aa-ii---
050 0 0 _aPK2905
_b.U6
100 1 _aUpadhyay, Ramji,
_d1920-
245 1 0 _aPrācīna Bhāratīya sāhitya kī sāṃskr̥tika bhūmikā.
260 _c[1966]
300 _a23, 1160 p.
_c23 cm.
500 _aIn Hindi; foreword in English.
500 _a"Published under the authority of the University of Saugar."
504 _aBibliography: p. [1112]-1124.
650 0 _aSanskrit literature
_xHistory and criticism.
651 0 _aIndia
_xIntellectual life.
999 _c69662
_d69662